000
00289nam a22001217a 4500
008
170531b xxu||||| |||| 00| 0 eng d
041
_a
eng
080
_a
94
100
_a
17
101
_a
SHH
245
_a
SCHOOL THE STORY OF AMERICNA PUBLIC EDUCATION
_c
TYACK.D
942
_2
udc
_c
BK
999
_c
15152
_d
15152